|
|
|
|
| LEADER |
01074nam a2200337 4500 |
| 001 |
DLU090097959 |
| 005 |
##20091201 |
| 040 |
# |
# |
|a DLU
|b eng
|
| 041 |
# |
# |
|a eng
|
| 044 |
# |
# |
|a uk
|
| 100 |
# |
# |
|a Eraly, Debbie.
|
| 245 |
# |
# |
|a Condition-dependent mate choice and its implications for population differentiation in the wolf spider Pirata piraticus /
|c Debbie Eraly, Frederik Hendrickx, Luc Lens.
|
| 653 |
# |
# |
|a Heavy metal
|
| 653 |
# |
# |
|a Phenotypic plasticity
|
| 653 |
# |
# |
|a Population divergence
|
| 653 |
# |
# |
|a Reproductive isolation
|
| 653 |
# |
# |
|a Resource availability
|
| 653 |
# |
# |
|a Sexual selection
|
| 653 |
# |
# |
|a Size-assortative mating
|
| 700 |
# |
# |
|a Hendrickx, Frederik.
|
| 700 |
# |
# |
|a Lens, Luc.
|
| 773 |
# |
# |
|t Behavioral ecology
|g Vol. 20, no. 4 (July-August 2009), p. 856-863
|
| 920 |
# |
# |
|a Phòng Tạp chí -- Trung tâm Thông tin - Thư viện Trường Đại học Đà Lạt
|
| 994 |
# |
# |
|a DLU
|
| 900 |
# |
# |
|a True
|
| 911 |
# |
# |
|a Trương Bảo Trâm Anh
|
| 925 |
# |
# |
|a G
|
| 926 |
# |
# |
|a A
|
| 927 |
# |
# |
|a BB
|
| 980 |
# |
# |
|a Thư viện Trường Đại học Đà Lạt
|